MARC

Tag First Indicator Second Indicator Subfields
LEADER 00000cam a2200000 a 4500
001 in00000007944
005 20201102114646.0
008 870210s1987 maua b 00110 eng
010 |a  87000197  
020 |a 0674221850 (alk. paper) 
035 |a (OCoLC)15252801 
035 |9 AAA0287AM 
040 |a DLC  |c DLC  |d TXA  |d UtOrBLW 
043 |a a-ii--- 
050 0 0 |a ND3247  |b .B374 1987 
082 0 |a 745.6/7/0954  |2 19 
100 1 |a Beach, Milo Cleveland. 
245 1 0 |a Early Mughal painting /  |c Milo Cleveland Beach. 
264 1 |a Cambridge, Mass. :  |b Published for the Asia Society by Harvard University Press,  |c 1987. 
300 |a viii, 164 pages :  |b illustrations (some color) ;  |c 26 cm. 
336 |a text  |b txt  |2 rdacontent 
337 |a unmediated  |b n  |2 rdamedia 
338 |a volume  |b nc  |2 rdacarrier 
490 1 |a The Polsky lectures in Indian and Southeast Asian art and archaeology 
504 |a Bibliography: pages [147]-150. 
500 |a Includes index. 
650 0 |a Illumination of books and manuscripts, Mogul Empire. 
650 0 |a Islamic illumination of books and manuscripts  |z India. 
651 0 |a India  |x Kings and rulers  |x Art patronage. 
710 2 |a Asia Society. 
830 0 |a Polsky lectures in Indian and Southeast Asian art and archaeology. 
999 |a MARS 
999 f f |s 0599d221-acdf-3602-b032-e410da50f4f0  |i 9b530370-57d4-338d-ad65-d3fed3668dbe  |t 0 
952 f f |p normal  |a Texas A&M University  |b College Station  |c Sterling C. Evans Library  |d Evans: Library Stacks  |t 0  |e ND3247 .B374 1987  |h Library of Congress classification  |i unmediated -- volume  |m A14812571462 
998 f f |a ND3247 .B374 1987  |t 0  |l Evans: Library Stacks